[Event "COL-chT"]
[Site "Medellin"]
[Date "2021.12.09"]
[Round "2.4"]
[White "Rativa Jimenez, Cesar Daniel"]
[Black "Rueda Bermudez, Andres Felipe"]
[Result "1-0"]
[WhiteElo "1837"]
[BlackElo "1714"]
[PlyCount "101"]
[EventDate "2021.12.09"]
[EventType "team-swiss"]
[EventRounds "6"]
[EventCountry "COL"]
[SourceTitle "CBM 205 Extra"]
[Source "ChessBase"]
[SourceDate "2022.01.31"]
[SourceVersion "1"]
[SourceVersionDate "2022.01.31"]
[SourceQuality "1"]
[WhiteTeam "Boyaca II"]
[BlackTeam "Cundinamarca"]
[WhiteTeamCountry "COL"]
[BlackTeamCountry "COL"]

1. e4 c5 2. Nf3 Nc6 3. d4 cxd4 4. Nxd4 Nf6 5. Nc3 a6 6. a4 d6 7. Be2 e6 8. 0-0 Be7 9. Be3 Qc7 10. Nb3 b6 11. f4 0-0 12. Bf3 Rb8 13. Qe1 Na5 14. Nxa5 bxa5 15. Rb1 Bb7 16. Qg3 d5 17. e5 Ne4 18. Bxe4 dxe4 19. Qf2 Bb4 20. Nd1 Bd5 21. b3 Rbc8 22. c4 Ba8 23. Qc2 Rfd8 24. Nf2 Rd7 25. Nxe4 Qc6 26. Nd6 Bxd6 27. exd6 Rxd6 28. Rbd1 Rcd8 29. Rxd6 Rxd6 30. Rf2 h6 31. h3 Rd8 32. f5 exf5 33. Qxf5 Qc7 34. Qg4 Kh8 35. Bd4 f6 36. Qf4 Qxf4 37. Rxf4 Rb8 38. Bxf6 Rxb3 39. Be5 Bc6 40. Rf7 Re3 41. Bxg7+ Kg8 42. Rc7 Bxa4 43. Bxh6 Re6 44. Bd2 Re5 45. c5 Bb5 46. Bxa5 Rd5 47. Kf2 Rd1 48. c6 Rd3 49. Rc8+ Kf7 50. c7 Bd7 51. Rd8 1-0

[Event "COL Subzt 2.3.4"]
[Site "Risarald"]
[Date "2021.11.28"]
[Round "9"]
[White "Rueda Bermudez, Andres Felipe"]
[Black "Jaramillo, Carlos Orlando"]
[Result "1/2-1/2"]
[WhiteElo "1648"]
[BlackElo "1900"]
[PlyCount "42"]
[EventDate "2021.11.23"]
[EventType "swiss"]
[EventRounds "9"]
[EventCountry "COL"]
[SourceTitle "CBM 205 Extra"]
[Source "ChessBase"]
[SourceDate "2022.01.31"]
[SourceVersion "1"]
[SourceVersionDate "2022.01.31"]
[SourceQuality "1"]

1. e4 c6 2. d3 e5 3. Qe2 d6 4. f4 Nf6 5. Nf3 Be7 6. fxe5 dxe5 7. Nc3 Qc7 8. a4 Bg4 9. h3 Bh5 10. g4 Bg6 11. Be3 Nbd7 12. Qh2 Qa5 13. Be2 h6 14. Qg3 0-0-0 15. Nh4 Bxe4 16. 0-0 Bh7 17. Nd1 Bc5 18. c3 Bxe3+ 19. Nxe3 Qc7 20. Qf2 Kb8 21. b4 Nf8 1/2-1/2

[Event "COL Subzt 2.3.4"]
[Site "Risarald"]
[Date "2021.11.26"]
[Round "7"]
[White "Rueda Bermudez, Andres Felipe"]
[Black "Palacio, Pablo Persi"]
[Result "1-0"]
[WhiteElo "1648"]
[BlackElo "1917"]
[PlyCount "85"]
[EventDate "2021.11.23"]
[EventType "swiss"]
[EventRounds "9"]
[EventCountry "COL"]
[SourceTitle "CBM 205 Extra"]
[Source "ChessBase"]
[SourceDate "2022.01.31"]
[SourceVersion "1"]
[SourceVersionDate "2022.01.31"]
[SourceQuality "1"]

1. e4 c5 2. Nf3 d6 3. d4 cxd4 4. Nxd4 Nf6 5. Nc3 a6 6. Bg5 Nbd7 7. f4 g6 8. Qf3 Bg7 9. 0-0-0 Qb6 10. g4 e6 11. Bg2 Nc5 12. e5 dxe5 13. fxe5 Nfd7 14. Bf6 Nxe5 15. Qf4 Nc4 16. Nb3 Bxf6 17. Qxf6 0-0 18. Qf4 Nxb3+ 19. axb3 Qe3+ 20. Qxe3 Nxe3 21. Rd2 Nxg4 22. Na4 Rb8 23. Nb6 Re8 24. h3 Ne3 25. Be4 f5 26. Re1 f4 27. h4 e5 28. h5 g5 29. h6 Bf5 30. Bxf5 Nxf5 31. Rd7 g4 32. Nd5 Rf8 33. Rxe5 f3 34. Rxf5 f2 35. Rg5+ Kh8 36. Ne3 Rbe8 37. Rgg7 f1Q+ 38. Nxf1 Rxf1+ 39. Kd2 Rf2+ 40. Kc3 Rf6 41. Rxh7+ Kg8 42. Rdg7+ Kf8 43. Rh8# 1-0

[Event "COL Subzt 2.3.4"]
[Site "Risarald"]
[Date "2021.11.25"]
[Round "4"]
[White "Buitrago, Juan Carlos"]
[Black "Rueda Bermudez, Andres Felipe"]
[Result "1/2-1/2"]
[WhiteElo "1934"]
[BlackElo "1648"]
[PlyCount "190"]
[EventDate "2021.11.23"]
[EventType "swiss"]
[EventRounds "9"]
[EventCountry "COL"]
[SourceTitle "CBM 205 Extra"]
[Source "ChessBase"]
[SourceDate "2022.01.31"]
[SourceVersion "1"]
[SourceVersionDate "2022.01.31"]
[SourceQuality "1"]

1. d4 Nf6 2. c4 e6 3. Nc3 Bb4 4. Qc2 d5 5. cxd5 exd5 6. Bg5 c6 7. e3 Nbd7 8. Bd3 Qe7 9. a3 Bd6 10. Nf3 h6 11. Bh4 0-0 12. 0-0 Re8 13. Rfe1 g5 14. Bg3 Bxg3 15. hxg3 Ne4 16. Bxe4 dxe4 17. Nd2 Nf6 18. b4 Bf5 19. Rec1 b6 20. Qb2 Rac8 21. Rc2 c5 22. dxc5 bxc5 23. b5 h5 24. Rac1 h4 25. Na4 hxg3 26. fxg3 Nd7 27. Nc4 Be6 28. Ne5 Qd6 29. Nxd7 Bxd7 30. Nxc5 Bg4 31. Nxe4 Rxc2 32. Nxd6 Rxb2 33. Nxe8 Kf8 34. Nf6 Bf5 35. e4 Bg6 36. a4 Rb4 37. Rc8+ Kg7 38. Ne8+ Kh6 39. Nd6 Rxa4 40. Rc7 Bxe4 41. Nxe4 Rxe4 42. Rxa7 Rb4 43. Rb7 Kg6 44. Kf2 Kf6 45. Ke3 Ke5 46. Re7+ Kf6 47. Rb7 Ke5 48. b6 Rb3+ 49. Kf2 f5 50. Rb8 Rb2+ 51. Kg1 Kd6 52. b7 Kc6 53. Rf8 Rxb7 54. Rxf5 Rg7 55. Kf2 Kd6 56. Kf3 Ke6 57. Kg4 Rg6 58. Rxg5 Rf6 59. Rh5 Rf2 60. Kg5 Rxg2 61. g4 Kf7 62. Rh7+ Kg8 63. Ra7 Rb2 64. Kh5 Rb6 65. g5 Rb5 66. Kh6 Rb6+ 67. g6 Rb8 68. Rc7 Re8 69. Rg7+ Kh8 70. Rh7+ Kg8 71. Rg7+ Kh8 72. Rd7 Kg8 73. Rb7 Kh8 74. Kg5 Kg8 75. Kf6 Ra8 76. Re7 Ra6+ 77. Kg5 Rb6 78. Ra7 Rc6 79. Rb7 Ra6 80. Rc7 Rb6 81. Ra7 Rc6 82. Re7 Ra6 83. Kh6 Ra8 84. Re6 Rf8 85. g7 Ra8 86. Kg6 Rb8 87. Rf6 Rc8 88. Rf5 Rc6+ 89. Rf6 Rc8 90. Re6 Rd8 91. Kf6 Ra8 92. Kg6 Rc8 93. Kh6 Ra8 94. Kg6 Rc8 95. Kh6 Ra8 1/2-1/2

[Event "Bogota Navidad op"]
[Site "Bogota"]
[Date "2019.12.05"]
[Round "1"]
[White "Rueda Bermudez, Andres Felipe"]
[Black "Garcia Alarcon, Alvaro"]
[Result "0-1"]
[WhiteElo "1637"]
[BlackElo "2103"]
[PlyCount "77"]
[EventDate "2019.12.05"]
[EventType "swiss"]
[EventRounds "7"]
[EventCountry "COL"]
[SourceTitle "CBM 193 Extra"]
[Source "ChessBase"]
[SourceDate "2020.01.31"]
[SourceVersion "1"]
[SourceVersionDate "2020.01.31"]
[SourceQuality "1"]

1. e4 e6 2. d4 d5 3. e5 c5 4. c3 Qb6 5. Nf3 Nc6 6. Bd3 Bd7 7. Bc2 cxd4 8. cxd4 Nb4 9. Ba4 Bxa4 10. Qxa4+ Qc6 11. Qxc6+ bxc6 12. Kd2 c5 13. a3 Nc6 14. dxc5 Bxc5 15. Nc3 Nge7 16. Ke2 Ng6 17. Nb5 0-0 18. b4 Rab8 19. bxc5 Rxb5 20. a4 Rb7 21. Ba3 Rfb8 22. Rhc1 Rb3 23. Nd2 R3b7 24. Nf3 Kf8 25. g3 Ke8 26. h4 h5 27. Kf1 Rb3 28. Ke2 Ngxe5 29. Nxe5 Nxe5 30. c6 Nc4 31. Bc5 a6 32. c7 Rc8 33. Rxc4 dxc4 34. Bd6 Kd7 35. Bf4 f6 36. a5 e5 37. Be3 Rxc7 38. Rd1+ Rd3 39. Rc1 0-1

[Event "COL-ch U20"]
[Site "Bogota"]
[Date "2017.03.19"]
[Round "7"]
[White "Rueda Bermudez, Andres Felipe"]
[Black "Florez Castro, Estiven"]
[Result "0-1"]
[WhiteElo "1602"]
[BlackElo "1716"]
[PlyCount "68"]
[EventDate "2017.03.16"]
[EventType "swiss"]
[EventRounds "7"]
[EventCountry "COL"]
[SourceTitle "CBM 177 Extra"]
[Source "ChessBase"]
[SourceDate "2017.04.27"]
[SourceVersion "1"]
[SourceVersionDate "2017.04.27"]
[SourceQuality "1"]

1. e4 c5 2. Nf3 a6 3. d4 cxd4 4. Nxd4 Nf6 5. Nc3 e5 6. Nb3 d6 7. Bg5 Nbd7 8. Qd2 Be7 9. 0-0-0 0-0 10. f3 b5 11. g4 Qc7 12. h4 Bb7 13. Kb1 b4 14. Ne2 a5 15. Ng3 Rfc8 16. Nf5 Bf8 17. h5 a4 18. Nc1 d5 19. Bxf6 Nxf6 20. g5 Ne8 21. Bd3 dxe4 22. fxe4 Nd6 23. Nxd6 Qxd6 24. Qf2 Qe6 25. b3 Ba6 26. Qf5 Bxd3 27. Nxd3 axb3 28. cxb3 Qa6 29. Rh2 Rc3 30. Rf2 Ra7 31. Nxe5 Rxb3+ 32. axb3 Qa1+ 33. Kc2 Ra2+ 34. Kd3 Qc3# 0-1

[Event "COL-ch U20"]
[Site "Bogota"]
[Date "2017.03.17"]
[Round "2"]
[White "Pena Bermudez, Juan Camilo"]
[Black "Rueda Bermudez, Andres Felipe"]
[Result "1-0"]
[WhiteElo "1897"]
[BlackElo "1602"]
[PlyCount "53"]
[EventDate "2017.03.16"]
[EventType "swiss"]
[EventRounds "7"]
[EventCountry "COL"]
[SourceTitle "CBM 177 Extra"]
[Source "ChessBase"]
[SourceDate "2017.04.27"]
[SourceVersion "1"]
[SourceVersionDate "2017.04.27"]
[SourceQuality "1"]

1. e4 d5 2. exd5 Nf6 3. Nf3 Bf5 4. Bb5+ c6 5. dxc6 Nxc6 6. 0-0 e6 7. d4 Qc7 8. Ne5 Bd6 9. Re1 Nd5 10. c3 Nde7 11. Nd2 0-0 12. Ndf3 a6 13. Bd3 b5 14. a3 Nb8 15. Be4 Bxe4 16. Rxe4 Nd7 17. Bf4 Nb6 18. Bg3 Nf5 19. Qe2 Rfe8 20. Re1 Nd5 21. Qd3 Nf6 22. R4e2 h5 23. Ng5 Re7 24. Nexf7 Nxg3 25. Rxe6 Rxf7 26. Qg6 Nge4 27. R1xe4 1-0